The invisible man : (Record no. 328560)

000 -LEADER
fixed length control field 01369cam a2200325 a 4500
001 - CONTROL NUMBER
control field 4491939
003 - CONTROL NUMBER IDENTIFIER
control field Nust
005 - DATE AND TIME OF LATEST TRANSACTION
control field 20170412104323.0
008 - FIXED-LENGTH DATA ELEMENTS--GENERAL INFORMATION
fixed length control field 971110s1998 ncu b 001 1 eng
010 ## - LIBRARY OF CONGRESS CONTROL NUMBER
LC control number 97049153
020 ## - INTERNATIONAL STANDARD BOOK NUMBER
International Standard Book Number 9788171674435
040 ## - CATALOGING SOURCE
Original cataloging agency DLC
Transcribing agency DLC
Modifying agency DLC
050 00 - LIBRARY OF CONGRESS CALL NUMBER
Classification number PR5774
Item number .I5 1998
082 00 - DEWEY DECIMAL CLASSIFICATION NUMBER
Classification number 823.912
Author Mark WEL
100 1# - MAIN ENTRY--PERSONAL NAME
Personal name Wells, H. G.
Fuller form of name (Herbert George),
Dates associated with a name 1866-1946.
245 14 - TITLE STATEMENT
Title The invisible man :
Remainder of title a grotesque romance : a critical text of the 1897 New York first edition, with an introduction and appendices /
Statement of responsibility, etc. H.G. Wells ; edited by Leon Stover.
260 ## - PUBLICATION, DISTRIBUTION, ETC.
Place of publication, distribution, etc. Jefferson, N.C. :
Name of publisher, distributor, etc. McFarland & Co.,
Date of publication, distribution, etc. 2000.
300 ## - PHYSICAL DESCRIPTION
Extent xi, 223 p. ;
Dimensions 24 cm.
490 1# - SERIES STATEMENT
Series statement The annotated H.G. Wells ;
Volume/sequential designation 3
504 ## - BIBLIOGRAPHY, ETC. NOTE
Bibliography, etc. note Includes bibliographical references (p. 227-235) and index.
650 #0 - SUBJECT ADDED ENTRY--TOPICAL TERM
Topical term or geographic name entry element Scientists
Form subdivision Fiction.
650 #0 - SUBJECT ADDED ENTRY--TOPICAL TERM
Topical term or geographic name entry element Mentally ill
Form subdivision Fiction.
655 #7 - INDEX TERM--GENRE/FORM
Genre/form data or focus term Psychological fiction.
Source of term lcsh
655 #7 - INDEX TERM--GENRE/FORM
Genre/form data or focus term Science fiction.
Source of term gsafd
700 1# - ADDED ENTRY--PERSONAL NAME
Personal name Stover, Leon E.
800 1# - SERIES ADDED ENTRY--PERSONAL NAME
Personal name Wells, H. G.
Fuller form of name (Herbert George),
Dates associated with a name 1866-1946.
Title of a work Annotated H.G. Wells ;
Volume/sequential designation 3.
906 ## - LOCAL DATA ELEMENT F, LDF (RLIN)
a 7
b cbc
c orignew
d 1
e ocip
f 19
g y-gencatlg
942 ## - ADDED ENTRY ELEMENTS (KOHA)
Source of classification or shelving scheme
Koha item type Book
Holdings
Withdrawn status Lost status Source of classification or shelving scheme Damaged status Not for loan Permanent Location Current Location Shelving location Date acquired Total Checkouts Total Renewals Full call number Barcode Date last seen Date last checked out Copy number Price effective from Koha item type
          Central Library (CL) Central Library (CL) Fiction 04/12/2017 6 7 823.912 WEL CL1029 05/04/2024 09/13/2023 1 04/12/2017 Book
          Central Library (CL) Central Library (CL) Fiction 05/10/2022 1   823.912 WEL CL3218 04/16/2025 11/21/2024   05/10/2022 Book
© 2023 Central Library, National University of Sciences and Technology. All Rights Reserved.